All James Bond Movies - Statistics

General Stats
  • This quiz has been taken 25 times
  • The average score is 18 of 25
Answer Stats
Hint Answer % Correct
1962 Dr. No
94%
1963 From Russia with Love
94%
1964 Goldfinger
88%
1983 Octopussy
88%
2006 Casino Royale
76%
1971 Diamonds Are Forever
76%
1973 Live and Let Die
76%
1969 On Her Majesty's Secret Service
76%
2008 Quantum of Solace
76%
2012 Skyfall
76%
1974 The Man with the Golden Gun
76%
1965 Thunderball
76%
1967 You Only Live Twice
76%
1995 GoldenEye
71%
2021 No Time to Die
71%
2015 Spectre
71%
2002 Die Another Day
65%
1989 Licence to Kill
65%
1979 Moonraker
65%
1999 The World Is Not Enough
65%
1977 The Spy who Loved Me
59%
1985 A View to a Kill
47%
1981 For Your Eyes Only
47%
1997 Tomorrow Never Dies
47%
1987 The Living Daylights
41%
No matching quizzes found
Score Distribution
Percent of People with Each Score
Percentile by Number Answered
Your Score History
You have not taken this quiz